Sharjah Art Foundation Library

7 (Record no. 24)

MARC details
000 -LEADER
fixed length control field 00664nam a22001457a 4500
001 - CONTROL NUMBER
control field 24
003 - CONTROL NUMBER IDENTIFIER
control field OSt
005 - DATE AND TIME OF LATEST TRANSACTION
control field 20241111124958.0
008 - FIXED-LENGTH DATA ELEMENTS--GENERAL INFORMATION
fixed length control field 240904b |||||||| |||| 00| 0 eng d
040 ## - CATALOGING SOURCE
Transcribing agency --
245 ## - TITLE STATEMENT
Title 7
Remainder of title Seven
Statement of responsibility, etc. / Cuadro Fine Art Gallery, Dubai
260 ## - PUBLICATION, DISTRIBUTION, ETC.
Place of publication, distribution, etc. Dubai;
Name of publisher, distributor, etc. Cuadro Fine Art Gallery;
Date of publication, distribution, etc. 2012
520 ## - SUMMARY, ETC.
Summary, etc. Exhibition catalog. Artists: Manal Al Dowayan (If I forget you, You don't forget Me Series), Athier (The Circle Series), Ayman Yossri Daydban (The Flag Series), Roberto Lopardo (The Mappings Series), Nadine Kanso (Ah Ya Arab), Jaffar Al Oraibi (The Interior as Exterior Series), Aidan Salakhova (The Persian Miniatures Series)
942 ## - ADDED ENTRY ELEMENTS (KOHA)
Koha item type Book
Source of classification or shelving scheme Library of Congress Classification
Holdings
Withdrawn status Lost status Source of classification or shelving scheme Materials specified (bound volume or other part) Damaged status Not for loan Home library Current library Date acquired Total Checkouts Full call number Barcode Date last seen Price effective from Koha item type Coded location qualifier
    Library of Congress Classification Fast Cataloged Item     SAF Reference Library SAF Reference Library 08/25/2022   N4390-5098 39.054 24 08/25/2022 08/25/2022 Book  

Copyright © 2022. Sharjah Art Foundation. All Rights Reserved.